[Event "Oberliga Ost-B 1213"]
[Site "Germany"]
[Date "2012.09.30"]
[Round "1.4"]
[White "Richter, Dustin"]
[Black "Kirschbaum, Gunnar"]
[Result "1-0"]
[WhiteElo "2115"]
[BlackElo "2181"]
[PlyCount "97"]
[EventDate "2012.09.30"]
[EventType "team-tourn"]
[EventRounds "11"]
[EventCountry "GER"]
[SourceTitle "EXT 2014"]
[Source "ChessBase"]
[SourceDate "2013.11.20"]
[SourceVersion "1"]
[SourceVersionDate "2013.11.20"]
[SourceQuality "1"]
[WhiteTeam "Sangerhausen"]
[BlackTeam "Erfurt Medizin"]
[WhiteTeamCountry "GER"]
[BlackTeamCountry "GER"]

1. e4 e5 2. Nf3 d6 3. d4 Nf6 4. Nc3 Nbd7 5. Bc4 Be7 6. 0-0 0-0 7. a4 c6 8. h3 b6 9. Bg5 Bb7 10. Bxf6 Bxf6 11. d5 c5 12. Qd2 a6 13. Ne2 g6 14. g4 Bc8 15. Ng3 Kg7 16. g5 Be7 17. Kh2 f6 18. gxf6+ Nxf6 19. Be2 Ng8 20. Ra3 Rf4 21. Rg1 Kh8 22. Qe3 Bf8 23. Bf1 Bh6 24. Qd3 Ra7 25. Ne2 Rf8 26. Rb3 Raf7 27. Bg2 Nf6 28. Ng3 Bf4 29. Kh1 Bxg3 30. fxg3 Nh5 31. Nd2 Rf2 32. Kh2 b5 33. axb5 axb5 34. c4 Qg5 35. Rf1 bxc4 36. Nxc4 Ba6 37. Rxf2 Rxf2 38. Qe3 Rxg2+ 39. Kxg2 Nf4+ 40. Kh2 Bxc4 41. gxf4 Qe7 42. Rb8+ Kg7 43. Qc3 Ba6 44. fxe5 dxe5 45. Rb6 Bc8 46. Qg3 Bd7 47. Rb7 Kg8 48. Kg1 c4 49. Rc7 1-0

[Event "Oberliga Ost-A 1112"]
[Site "Germany"]
[Date "2012.04.14"]
[Round "10.3"]
[White "Richter, Dustin"]
[Black "Quast, Michael"]
[Result "0-1"]
[WhiteElo "2102"]
[BlackElo "2295"]
[PlyCount "66"]
[EventDate "2011.09.25"]
[EventType "team-tourn"]
[EventRounds "11"]
[EventCountry "GER"]
[SourceTitle "EXT 2013"]
[Source "ChessBase"]
[SourceDate "2012.11.22"]
[SourceVersion "1"]
[SourceVersionDate "2012.11.22"]
[SourceQuality "1"]
[WhiteTeam "Sangerhausen"]
[BlackTeam "Chemnitz"]
[WhiteTeamCountry "GER"]
[BlackTeamCountry "GER"]

1. e4 e5 2. Nf3 Nf6 3. Nc3 Nc6 4. a3 g6 5. Bb5 Bg7 6. 0-0 0-0 7. d3 d6 8. Bg5 h6 9. Be3 Be6 10. h3 a6 11. Bxc6 bxc6 12. Qd2 Kh7 13. b3 d5 14. Bc5 Re8 15. a4 Nd7 16. Ba3 f5 17. exf5 gxf5 18. Rae1 c5 19. Ne2 f4 20. c4 c6 21. Nc3 Qf6 22. Bb2 Qf7 23. Nh2 Rg8 24. Kh1 Bf6 25. Qd1 Rab8 26. Rg1 Bf5 27. Na2 e4 28. Bxf6 Nxf6 29. cxd5 cxd5 30. dxe4 dxe4 31. Qc1 e3 32. fxe3 Ne4 33. Nf1 f3 0-1

[Event "Oberliga Ost-A 1112"]
[Site "Germany"]
[Date "2012.02.26"]
[Round "8.3"]
[White "Richter, Dustin"]
[Black "Jaeger, Dominik"]
[Result "1-0"]
[WhiteElo "2102"]
[BlackElo "2157"]
[PlyCount "35"]
[EventDate "2011.09.25"]
[EventType "team-tourn"]
[EventRounds "11"]
[EventCountry "GER"]
[SourceTitle "EXT 2013"]
[Source "ChessBase"]
[SourceDate "2012.11.22"]
[SourceVersion "1"]
[SourceVersionDate "2012.11.22"]
[SourceQuality "1"]
[WhiteTeam "Sangerhausen"]
[BlackTeam "Magdeburg Rochade"]
[WhiteTeamCountry "GER"]
[BlackTeamCountry "GER"]

1. e4 d6 2. d4 Nf6 3. Nc3 g6 4. f3 Bg7 5. Be3 0-0 6. Qd2 e5 7. Nge2 c6 8. 0-0-0 Nbd7 9. Bh6 b5 10. h4 Bxh6 11. Qxh6 b4 12. Nb1 Qa5 13. h5 Re8 14. g4 exd4 15. hxg6 fxg6 16. Nxd4 Qxa2 17. g5 Nh5 18. Rxh5 1-0

[Event "Sachsen-Anhalt-ch 21st"]
[Site "Magdeburg"]
[Date "2011.06.02"]
[Round "2.3"]
[White "Reipsch, Jens"]
[Black "Richter, Dustin"]
[Result "1/2-1/2"]
[WhiteElo "2247"]
[BlackElo "2085"]
[PlyCount "171"]
[EventDate "2011.06.02"]
[EventType "tourn"]
[EventRounds "7"]
[EventCountry "GER"]
[SourceTitle "EXT 2012"]
[Source "ChessBase"]
[SourceDate "2011.11.24"]
[SourceVersion "1"]
[SourceVersionDate "2011.11.24"]
[SourceQuality "1"]

1. e4 e5 2. Nc3 d6 3. Bc4 Nf6 4. d3 Be7 5. f4 c6 6. Nf3 Nbd7 7. a4 0-0 8. a5 exf4 9. Bxf4 Nc5 10. 0-0 d5 11. exd5 Nxd5 12. Bxd5 cxd5 13. Qd2 Ne6 14. Nb5 Bc5+ 15. Kh1 a6 16. b4 Be7 17. Na3 Nxf4 18. Qxf4 Qd6 19. Qxd6 Bxd6 20. Rab1 Bd7 21. Nd4 Rfe8 22. c4 Re3 23. Rbd1 Bg4 24. Nac2 Re5 25. Rde1 Rae8 26. c5 Rxe1 27. Rxe1 Rxe1+ 28. Nxe1 Be5 29. Nec2 Bd7 30. Kg1 f5 31. b5 axb5 32. c6 bxc6 33. a6 Bb8 34. Kf1 Ba7 35. Nb3 c5 36. d4 Bc8 37. dxc5 Bxa6 38. Nb4 Bc8 39. Nc6 Bxc5 40. Nxc5 Kf7 41. Na7 Be6 42. Nxb5 Kf6 43. Kf2 Bf7 44. Ke3 g5 45. Kd4 f4 46. Nd7+ Ke7 47. Ne5 Bg8 48. Nc3 Kd6 49. Ng4 Be6 50. Nf6 g4 51. Nfxd5 g3 52. hxg3 fxg3 53. Ne4+ Kc6 54. Nf4 Bg4 55. Ke5 Kc7 56. Nxg3 Kd7 57. Nd5 Bd1 58. Kf6 Bc2 59. Ne3 Ba4 60. Ngf5 Ke8 61. Kg7 h5 62. g3 Bc6 63. Nc4 Bf3 64. Ne5 Be2 65. Ng6 Bd3 66. Nh6 Bc2 67. Ng8 Kd7 68. Nf4 Bd1 69. Nf6+ Kd6 70. Kg6 Ke5 71. Kg5 Bf3 72. N6xh5 Bb7 73. Nd3+ Kd4 74. Nhf4 Bf3 75. Kf5 Ke3 76. Ne1 Bd1 77. Neg2+ Kf2 78. g4 Bxg4+ 79. Kxg4 Kf1 80. Kg3 Kg1 81. Ne3 Kh1 82. Nc4 Kg1 83. Nd2 Kh1 84. Nd3 Kg1 85. Nf3+ Kf1 86. Nf4 1/2-1/2

[Event "Sachsen-Anhalt-ch 21st"]
[Site "Magdeburg"]
[Date "2011.06.02"]
[Round "5.1"]
[White "Richter, Dustin"]
[Black "Reichert, Thomas"]
[Result "1/2-1/2"]
[WhiteElo "2085"]
[BlackElo "1979"]
[PlyCount "43"]
[EventDate "2011.06.02"]
[EventType "tourn"]
[EventRounds "7"]
[EventCountry "GER"]
[SourceTitle "EXT 2012"]
[Source "ChessBase"]
[SourceDate "2011.11.24"]
[SourceVersion "1"]
[SourceVersionDate "2011.11.24"]
[SourceQuality "1"]

1. e4 Nf6 2. e5 Nd5 3. c4 Nb6 4. d4 d6 5. f4 g6 6. Nc3 Bg7 7. Be2 dxe5 8. fxe5 c5 9. dxc5 Qxd1+ 10. Kxd1 N6d7 11. e6 fxe6 12. Be3 Nc6 13. Nb5 0-0 14. Kc2 Nf6 15. Nf3 e5 16. Rhd1 Bf5+ 17. Kb3 Rac8 18. a3 a6 19. Nc3 Na5+ 20. Ka4 Nc6 21. Rac1 Ng4 22. Bg5 1/2-1/2